Finančné aspekty nástrojov aktívnej politiky trhu práce bakalárska práca

Na minha lista:
Detalhes bibliográficos
Autor principal: Ottingerová, Zuzana
Autor Corporativo: Národohospodárska fakulta EU. Katedra financií
Outros Autores: Laciňák, Jozef
Formato: Livro
Idioma:eslovaco
Publicado em: Bratislava 2014
Tags: Adicionar Tag
Sem tags, seja o primeiro a adicionar uma tag!

MARC

LEADER 00000nbm a2200000 4500
001 0189412
005 20170201085411.3
041 0 |a slo 
044 |a SK 
245 1 0 |a Finančné aspekty nástrojov aktívnej politiky trhu práce  |b bakalárska práca  |c Zuzana Ottingerová ; školiteľ: Jozef Laciňák 
264 1 |a Bratislava  |c 2014 
300 |a 54 s. 
100 1 |a Ottingerová, Zuzana 
700 1 |a Laciňák, Jozef 
710 2 |a Národohospodárska fakulta EU. Katedra financií